Increasingly Difficult Asian Geography #1 - Statistics

General Stats
  • This quiz has been taken 94 times
  • The average score is 11 of 20
Answer Stats
Hint Answer % Correct
Tallest mountain Mt. Everest
100%
Modern country once ruled by Genghis Khan Mongolia
99%
Peninsula divided by a demilitarized zone Korea
93%
Country divided into the Gaza Strip and West Bank Palestine
91%
Social activist born in Porbandar, India Mahatma Gandhi
84%
Most populous island Java
80%
Largest religion in China Buddhism
76%
City of the Taj Mahal Agra
70%
Largest city in Kazakhstan Almaty
57%
Strait between The UAE and Iran Strait of Hormuz
46%
City of the above Kuala Lumpur
41%
Chinese name for Yellow River Huang He
39%
Country with the lowest average elevation The Maldives
36%
Largest ethnic group in Central Asia and Xinjiang Uyghurs
36%
Disputed archipelago between Japan and Russia Kuril Islands
33%
Twin rivers in Central Asia {Amu} and {Syr} Darya
21%
Mountain also known as Gangcchendzonga Mt. Kanchenjunga
17%
Sea the Ob River flows into Kara Sea
14%
2nd tallest building as of 2023 Merdeka 118
11%
River that runs through Kabul Kabul River
7%
No matching quizzes found
Score Distribution
Percent of People with Each Score
Percentile by Number Answered
Your Score History
You have not taken this quiz